| 000 | 01539nam a2200265 a 4500 | ||
|---|---|---|---|
| 001 | BRCA_5146 | ||
| 005 | 20190320204947.0 | ||
| 008 | 221110s1538----mx-######v---#000-0#spa-# | ||
| 041 | _aspa | ||
| 050 | 4 |
_abDOC135 _c.B37 _p1538 |
|
| 100 | 1 |
_aBarreda Lozano, Vicente de la _913153 |
|
| 245 | 1 | 0 |
_aDocumentos propiedad de Don Vicente de la Barreda Lozano _cVicente de la Barreda Lozano. |
| 260 |
_aMéxico _c1538 |
||
| 300 |
_a[5] fojas _c31 x 23 cm. |
||
| 500 | _aTítulos de las casas del tratado de tenería que llaman del Rossal, y la cuenta anexa pertenecientes a Don Vicente de la Barreda Lozano. En este legajo se encuentra la escritura de compra de la huerta del Colegio del Espíritu Santo de la Compañía de Jesús. La escritura de la huerta, el testimonio de la cancelación de dicho censo, el titulo de las primeras mercedes de dicha huerta y licenciada de la tenería, todo confirmado por el Virrey [Antonio de Mendoza]. | ||
| 500 | _aEl documento contiene la leyenda DOC. #303. | ||
| 500 | _aEstado de conservación: contiene manchas de acidez, laguna en la primera foja en la esquina inferior derecha y márgenes deteriorados. | ||
| 506 | 0 | _aFondo Reservado. Para su consulta es necesario credencial de usuario y carta de motivos. | |
| 546 | _aTexto en: español de principios del siglo XVI. | ||
| 600 | 1 | 4 |
_aBarreda Lozano, Vicente de la _xHistoria _913154 |
| 650 | 1 | 4 |
_aDocumentos legales _vManuscritos _xHistoria _912814 |
| 651 | 4 |
_aMéxico _xHistoria _yColonia, 1521-1821 _912461 |
|
| 902 | _aFDH | ||
| 942 |
_2lcc _cD |
||
| 999 |
_c4840 _d4840 |
||